000 00614nam a22002297a 4500
003 UA-OsUOA
001 94622
007 ta
008 20130214b un ||||| |||| 00| 0 ukr d
100 _aБабаевский С. П.
090 _a821.161.2
_bБ12
942 _cBK
040 _aUA-OsUOA
_brus
_cUA-OsUOA
_dUA-OsUOA
245 _aСобрание сочинений
_bв 5-ти т.
_n4
300 _a654 с.
955 _a3
041 _arus
080 _a821.161.2
260 _aМ.
_bХудлит
_c1980
650 7 _a82 Література. Літературознавство
_2UDC
999 _c380872
_d380872